| 000 | 00429nam a2200133Ia 4500 | ||
|---|---|---|---|
| 008 | 210716s1967 xx 000 0 und d | ||
| 041 | _aeng | ||
| 082 | _a519.7 DOLM | ||
| 100 | _aDolciani, Mary P;Wooton, William;Beckenbach, Edwin F;Chinn, William G. | ||
| 245 |
_aModern school mathematics: structure and method. _bStructure and method. |
||
| 250 | _a7 | ||
| 260 |
_aBoston _bHoughton mifflin Company _c1967 |
||
| 300 | _axii,548 | ||
| 999 |
_c202205 _d202205 |
||